Statistics for the pirates of the caribbean 1, 2 and 3

Click here to take the quiz!

General Stats

  • This quiz has been taken 411 times
  • The average score is 13 of 21

Answer Stats

HintAnswer% Correct
captain of the black pearljack sparrow
99%
captain of the flying dutchmandavy jones
93%
the blacksmith apprenticewilliam turner
92%
captain of the black pearl, cursedto be immortalcaptain hector barbossa
82%
crew of the flying dutchess, father of #boot strap bill turner
77%
the governers daughterelizabeth swann
72%
first film titlethe pirates of the caribbean curse of the black pearl
69%
second film titlethe pirates of the caribbean dead mans chest
65%
pirate island, where #1 and #4 gained crew in film1tortoga
65%
third film titlethe pirates of the caribean at worlds end
63%
commador/ex-commadorjames norrington
59%
god of the seascalyso
55%
release date of #2003
52%
comrade to #1, once a sailor in the royal navy then a piratejoshamee gibbs
52%
release date of #2006
50%
release date of #2007
50%
home to #3, #4, #6port royal
47%
the governorgovernor weatherby swann
35%
the meeting place for the brethren courtshipwreck cove
29%
island where the aztac gold and pirates treasure is hiddenisla de muerta
28%
#2's punishment rehelmdavy jones's locker
27%

Score Distribution

Percentile by Number Answered

Percent of People with Each Score

Your Score History

You have not taken this quiz